SL Postcodes Quiz Stats

Quiz not verified by Sporcle

Challenge
Share
Tweet
Embed
Score 0/10 Timer 07:00
0 Plays Today
Postcodes Answer % Correct
SL1Slough
100%
SL3Slough
100%
SL2Slough
100%
SL5Ascot
100%
SL4Windsor
100%
SL6Maidenhead
100%
SL7Marlow
100%
SL0Iver
66.7%
SL9Gerrards Cross
66.7%
SL8Bourne End
33.3%

You're not logged in!

Compare scores with friends on all Sporcle quizzes.
Join for Free
OR
Log In

You Might Also Like...

Show Comments

Extras

Created Jan 1, 2016ReportNominate
Tags:order, postpone

Top Quizzes Today


Score Distribution

Your Account Isn't Verified!

In order to create a playlist on Sporcle, you need to verify the email address you used during registration. Go to your Sporcle Settings to finish the process.

Report this User

Report this user for behavior that violates our Community Guidelines.

Details: